ARRUPE JESUIT UNIVERSITY

CORONAVIRUS -STOP THE SPREAD - CLEAN,DISINFECT,COVER

Theology and the Black experience : (Record no. 125242)

MARC details
000 -LEADER
fixed length control field 01283cam a2200337 a 4500
001 - CONTROL NUMBER
control field 4467896
003 - CONTROL NUMBER IDENTIFIER
control field ARRUPE
005 - DATE AND TIME OF LATEST TRANSACTION
control field 20160914101345.0
008 - FIXED-LENGTH DATA ELEMENTS--GENERAL INFORMATION
fixed length control field 890221s1988 mnu b 100 0 eng
010 ## - LIBRARY OF CONGRESS CONTROL NUMBER
LC control number 88007778
020 ## - INTERNATIONAL STANDARD BOOK NUMBER
International Standard Book Number 0806623535
035 ## - SYSTEM CONTROL NUMBER
System control number (OCoLC)505785008
035 ## - SYSTEM CONTROL NUMBER
System control number (OCoLC)ocn505785008
035 ## - SYSTEM CONTROL NUMBER
System control number (NNC)4467896
040 ## - CATALOGING SOURCE
Modifying agency NNUT
Transcribing agency Arrupe
043 ## - GEOGRAPHIC AREA CODE
Geographic area code n-us---
050 0# - LIBRARY OF CONGRESS CALL NUMBER
Classification number BX8065.2
Item number .T48 1988
090 ## - LOCALLY ASSIGNED LC-TYPE CALL NUMBER (OCLC); LOCAL CALL NUMBER (OCLC)
Classification number (OCLC) (R) ; Classification number, CALL (RLIN) (NR) BX8065.2
Local cutter number (OCLC) ; Book number/undivided call number, CALL (RLIN) .T48 1988
300 ## - PHYSICAL DESCRIPTION
Dimensions 22 cm.
245 00 - TITLE STATEMENT
Title Theology and the Black experience :
Remainder of title the Lutheran heritage interpreted by African & African-American theologians /
Statement of responsibility, etc edited by Albert Pero and Ambrose Moyo.
260 ## - PUBLICATION, DISTRIBUTION, ETC. (IMPRINT)
Place of publication, distribution, etc Minneapolis :
Name of publisher, distributor, etc Augsburg Pub. House,
Date of publication, distribution, etc c1988.
300 ## - PHYSICAL DESCRIPTION
Extent 272 p. ;
500 ## - GENERAL NOTE
General note Papers presented at the Conference of International Black Lutherans held in Harare at the University of Zimbabwe in Sept. 1986.
504 ## - BIBLIOGRAPHY, ETC. NOTE
Bibliography, etc Includes bibliographical references.
650 #0 - SUBJECT ADDED ENTRY--TOPICAL TERM
Topical term or geographic name as entry element Lutheran Church
General subdivision Doctrines
Form subdivision Congresses.
9 (RLIN) 25818
650 #0 - SUBJECT ADDED ENTRY--TOPICAL TERM
Topical term or geographic name as entry element African American Lutherans
Form subdivision Congresses.
9 (RLIN) 25819
700 1# - ADDED ENTRY--PERSONAL NAME
Personal name Pero, Albert,
Dates associated with a name 1935-
9 (RLIN) 25820
700 1# - ADDED ENTRY--PERSONAL NAME
Personal name Moyo, Ambrose,
Dates associated with a name 1943-
9 (RLIN) 25821
711 2# - ADDED ENTRY--MEETING NAME
Meeting name or jurisdiction name as entry element Conference of International Black Lutherans
Date of meeting (1986 :
Location of meeting University of Zimbabwe)
9 (RLIN) 25822
942 ## - ADDED ENTRY ELEMENTS (KOHA)
Source of classification or shelving scheme Library of Congress Classification
Koha item type Monograph ( Printed materials)
Holdings
Withdrawn status Lost status Source of classification or shelving scheme Damaged status Not for loan Collection code Home library Current library Shelving location Date acquired Total Checkouts Full call number Barcode Date last seen Price effective from Koha item type
    Library of Congress Classification     Main Collection ARRUPE LIBRARY ARRUPE LIBRARY Main Collection 14/09/2016   BX8065.2 .T48 1988 46500010135 22/11/2017 14/09/2016 Monograph ( Printed materials)

 

Arrupe Library. PO Box MP320 Mt Pleasant, Harare, Zimbabwe
263 242 745411|librarian@aju.ac.zw